Estadísticas para Equipos de fútbol con título Real

Haz click aquí para intentar la prueba.

Estadísticas generales

  • Esta prueba ha sido intentada 118 veces
  • La puntuación promedio es 12 de 22

Estadísticas de respuestas

CategoríaRespuesta% Correcto
Primera DivisiónReal Madrid Club de Fútbol
97%
Primera DivisiónReal Sociedad de Fútbol
88%
Primera DivisiónReal Betis Balompié
86%
Segunda DivisiónReal Zaragoza
77%
Segunda DivisiónReal Club Deportivo Espanyol
75%
Segunda DivisiónReal Valladolid Club de Fútbol
75%
Primera DivisiónReal Club Deportivo Mallorca
73%
Segunda DivisiónReal Oviedo
71%
Primera DivisiónReal Club Celta de Vigo
64%
Primera RFEFReal Club Deportivo de La Coruña
62%
Segunda DivisiónReal Sporting de Gijón
60%
Primera RFEFReal Murcia Club de Fútbol
58%
Segunda DivisiónReal Racing Club de Santander
54%
Primera RFEFReal Unión Club
54%
Primera RFEFReal Club Recreativo de Huelva
38%
Tercera RFEFReal Jaén Club de Fútbol
37%
Tercera RFEFReal Burgos Club de Fútbol
27%
Segunda RFEFReal Avilés Club de Fútbol
23%
AutonómicaReal Unión de Tenerife
15%
Tercera RFEFReal Ávila Club de Fútbol
9%
Segunda RFEFReal Balompédica Linense
9%
Segunda RFEFReal Sociedad Gimnástica de Torrelavega
9%

Distribución de puntuación

Porcentaje por número respondido

Porcentaje de gente con cada puntuación

Historial de tus puntuaciones

No has intentado esta prueba.